000 00338nam a2200133Ia 4500
008 240624s9999 xx 000 0 und d
041 _aeng
082 _a300.72 COR
100 _aCORTI LOUISE
245 _aMANAGING AND SHARING RESEARCH DATA A GUI
260 _c2014
_aNew Delhi
_bSage
300 _ax, 222 p.; 23 cm.
365 _cBPS
_b38
999 _c31185
_d31185